000 01236nam a22003017a 4500
001 114624
003 DR-UNIBE
005 20260508151759.0
008 260507b2002 cr ||||| |||| 00| 0 mul d
040 _aBIBLIOTECA UNIBE
_bspa
_cBIBLIOTECA UNIBE
_erda
041 _aspa
_aeng
082 _aF 5838
245 0 _a Women and peace network, 2002 : special issue on peace, urban governance, land and property rigths of women = Red de mujeres por la paz, 2002 : edición especial sobre paz, gobernabilidad urbana, y derechos de la mujer a la tierra y la propiedad
250 _aEdición especial
260 _aSan José :
_bFundación Arias para la Paz y el Progreso Humano,
_c 2002
300 _a38 páginas :
_bilustraciones
650 7 _2lemb
_aMujeres
_xAspectos sociales
_933624
650 7 _2lemb
_a Derecho de propiedad
650 7 _2lemb
_a Tenencia de la tierra
650 7 _2lemb
_aIgualdad de género
_9204706
650 7 _2lemb
_a Derechos de la mujer
700 _9204701
_aBlanco Rothe, Lara
_ecoordinador
700 _9204702
_aMorales, Carla
_eeditor
700 _9204703
_aRodgers, Karin
_eeditor
700 _9204704
_aWhitman, Julie
_etraductor
700 _9204705
_aSoto, Virginia
_etraductor
942 _2ddc
_cMX
999 _c114624
_d114624